| 000 | 00923cam a2200277 a 4500 | ||
|---|---|---|---|
| 008 | |||
| 020 | _a9780444531599 (hbk.) | ||
| 020 | _a0444531599 (hbk.) | ||
| 049 | _aMAIN | ||
| 090 |
_aQE516.4 _bENV |
||
| 245 | 0 | 0 |
_aEnvironmental geochemistry : _bsite characterization, data analysis and case histories / _cedited by Benedetto De Vivo, Harvey E. Belkin, Annamaria Lima. |
| 250 | _a1st ed. | ||
| 260 |
_aAmsterdam : _bElsevier, _c2008. |
||
| 300 |
_axviii, 429 p. : _bill. (some col.), maps (some col.) ; _c25 cm. |
||
| 504 | _aIncludes bibliographical references. | ||
| 500 | _aIncludes index. | ||
| 650 | 0 | _aEnvironmental geochemistry. | |
| 700 | 1 | _aDe Vivo, Benedetto. | |
| 700 | 1 | _aBelkin, H.E. | |
| 700 | 1 | _aLima, Annamaria. | |
| 907 |
_a.b10296086 _b18-09-12 _c13-05-11 |
||
| 003 | |||
| 005 | 20230123125250.0 | ||
| 040 | _cNUST | ||
| 942 |
_cBOOKS _kQE516.4 _mENV |
||
| 999 |
_c138572 _d138572 |
||